00780cam a22002417a 4500003000500000005001700005008004100022010001000063011001000073035001000083040000900093082001200102100003200114245003800146260005900184300000900243490001900252500015100271650002800422650003200450650003700482830001900519CHAP20220329135430.0971013s1974 r 00010 d a36364 a37336 a41456 cCHAP a382bO700aOrrego Vicuña, Francisco.10aDerecho internacional económico aMéxico, D. F. :bFondo de Cultura Económica,c1974 a2 v. 0aLecturasv; 10 aLa biblioteca tiene : v.1 América Latina y la cláusula de la nación más favorecida.--v.2 Las nuevas estructuras del comercio internacional14aComercio internacional.14aComercioxAmérica Latina.14aMercado común Latinoamericano.0 aLecturasv; 10